El espacio del escritor. Notas para una interpretación de la novela latinoamericana moderna

Na minha lista:
Detalhes bibliográficos
Autor principal: Frisancho, Jorge
Formato: Desconhecido
Publicado em: Roma, Italia: Universita Cattolica del Sacro Cuore,
Assuntos:
Tags: Adicionar Tag
Sem tags, seja o primeiro a adicionar uma tag!

MARC

LEADER 000000000a22000000004500
001 001592
022 |a 9788883115387 
041 0 |a Español 
092 0 |a Centroamericana 
100 1 |a Frisancho, Jorge 
245 1 3 |a El espacio del escritor. Notas para una interpretación de la novela latinoamericana moderna 
260 |a Roma, Italia:   |b Universita Cattolica del Sacro Cuore, 
310 |a Anual 
650 4 |a NOVELA LATINOAMERICANA 
773 0 |t Centroamericana 
773 0 |g Número 13 (2007) 
773 0 |g 1990- 
773 0 |g 23-64 páginas 
999 |c 1885  |d 1885